Loading...
| LEADER | 00745nam a22001937a 4500 | ||
|---|---|---|---|
| 008 | 140425b xxu||||| |||| 00| 0 eng d | ||
| 999 | |c 6162 |d 6162 | ||
| 020 | |a 9798187474424 | ||
| 082 | |a 927.92028 |b MAD/PAU | ||
| 100 | |a പോള്, ജോണ് | ||
| 240 | |a Madhu jeevitham darsanam | ||
| 245 | |a മധു ജീവിതം ദര്ശനം / |c ജോണ്പോള് | ||
| 260 | |a കോഴിക്കോട് : |c 2009. |b ഒലിവ്, | ||
| 300 | |a 152p. | ||
| 650 | |a Films | ||
| 650 | |a Biography | ||
| 700 | |a Madhu | ||
| 942 | |2 ddc |c BK | ||
| 952 | |0 0 |1 0 |2 ddc |4 0 |6 927_914370000000000_MAD_PAU |7 0 |9 8876 |a MAIN |b MAIN |d 2014-04-25 |e Jnaneswari Publications (Kozhikode) |g 90.00 |o 927.91437 MAD/PAU |p 9029 |r 2014-04-25 |t 1 |w 2014-04-25 |y BK | ||